000 00527nam a22001817a 4500
003 BD-ChCU
005 20230510102657.0
008 230510b bg ||||| |||| 00| 0 ben d
020 _a812610922x
040 _cBD-ChCU
082 _222
_a628.5
_bP771
100 _91176
_aPrabhakar, V. K
_eEditor
245 _aPullution monitoring and control /
_cEdited by V. K Prabhakar.
260 _aNew Delhi :
_bAnmol Pub,
_cc2001
300 _a271 P . :
650 0 _91177
_aPollution Monitoring Pollution Contral
942 _2ddc
_cBK
_n0
999 _c102017
_d102017